The October gale of 1987: damage to buildings and structures in the south-east of England (Record no. 87747)

MARC details
000 -LEADER
fixed length control field 00681cam a2200241 4500
008 - FIXED-LENGTH DATA ELEMENTS--GENERAL INFORMATION
fixed length control field 090401t1988 xxu||||| |||| 00| 0 eng d
020 ## - INTERNATIONAL STANDARD BOOK NUMBER
International Standard Book Number 0851253628
035 ## - SYSTEM CONTROL NUMBER
System control number (Sirsi) u20012
041 ## - LANGUAGE CODE
Language code of text/sound track or separate title eng
050 ## - LIBRARY OF CONGRESS CALL NUMBER
Classification number 624.175
100 ## - MAIN ENTRY--PERSONAL NAME
Personal name Buller, P.S.J.
245 #4 - TITLE STATEMENT
Title The October gale of 1987: damage to buildings and structures in the south-east of England
260 ## - PUBLICATION, DISTRIBUTION, ETC.
Place of publication, distribution, etc. Garston, Watford
Name of publisher, distributor, etc. Building Research Establishment
Date of publication, distribution, etc. 1988
300 ## - PHYSICAL DESCRIPTION
Extent iii,23p. : ill.,maps ; 30cm.
350 ## - PRICE (NR) (BK AM CF MU VM SE) [OBSOLETE]
Price 14
490 ## - SERIES STATEMENT
Series statement BRE Report
650 ## - SUBJECT ADDED ENTRY--TOPICAL TERM
Topical term or geographic name entry element BUILDING FAILURES
650 ## - SUBJECT ADDED ENTRY--TOPICAL TERM
Topical term or geographic name entry element GALE DAMAGE
650 ## - SUBJECT ADDED ENTRY--TOPICAL TERM
Topical term or geographic name entry element STRUCTURAL FAILURES
650 ## - SUBJECT ADDED ENTRY--TOPICAL TERM
Topical term or geographic name entry element WIND DAMAGE
942 ## - ADDED ENTRY ELEMENTS (KOHA)
Suppress in OPAC 0
948 ## - LOCAL PROCESSING INFORMATION (OCLC); SERIES PART DESIGNATOR (RLIN)
c (OCLC) 04/03/1997
Holdings
Withdrawn status Lost status Source of classification or shelving scheme Damaged status Not for loan Home library Current library Shelving location Date acquired Cost, normal purchase price Total Checkouts Full call number Barcode Date last seen Copy number Cost, replacement price Price effective from Koha item type
    Dewey Decimal Classification     London London Basement 14/09/1999 14.00   BASEMENT 30004494 06/08/2019 1 14.00 06/08/2019 Book